[Event "1.b HSL 19 "]
[Site "Mali Losinj"]
[Date "2019.10.03"]
[Round "6.24"]
[White "Mihalincic, Tomislav"]
[Black "Franic, Milan"]
[Result "0-1"]
[WhiteElo "2241"]
[BlackElo "2366"]
[PlyCount "82"]
[EventDate "2019.09.28"]
[EventCountry "CRO"]
[WhiteTeam "ŠK BJELOVAR, Bjelovar"]
[BlackTeam "ŠK PULA, Pula"]

1. e4 b6 2. d4 Bb7 3. Nc3 e6 4. Nf3 Bb4 5. Bd3 Nf6 6. Qe2 d5 7. exd5 Nxd5 8.
Bd2 Nxc3 9. bxc3 Be7 10. Ne5 Bf6 11. Bb5+ c6 12. Bd3 Nd7 13. f4 O-O 14. O-O g6
15. Be4 Qc7 16. Qf3 Rac8 17. Rfe1 Bg7 18. Qh3 Nf6 19. Bd3 c5 20. Kh1 Rfd8 21.
dxc5 Qxc5 22. Rab1 Qc7 23. c4 Ne4 24. Qe3 Nxd2 25. Qxd2 Rd4 26. Qf2 Rcd8 27.
Re3 Bh6 28. Rh3 Rxf4 29. Qe2 Bg7 30. Ng4 h5 31. Ne3 Bd4 32. Rf1 Qe5 33. Rb1 Qf6
34. Kg1 Bc5 35. Qe1 Rg4 36. Rg3 Qe5 37. Kf2 Qf4+ 38. Ke2 Bxe3 39. Rxe3 Rxg2+
40. Kd1 Bf3+ 41. Kc1 Re2 0-1

[Event "1.b HSL 19 "]
[Site "Mali Losinj"]
[Date "2019.10.03"]
[Round "6.31"]
[White "Ivic, Velimir"]
[Black "Medvegy, Zoltan"]
[Result "1-0"]
[WhiteElo "2511"]
[BlackElo "2539"]
[PlyCount "91"]
[EventDate "2019.09.28"]
[EventCountry "CRO"]
[WhiteTeam "ŠK BRDA, Split"]
[BlackTeam "ŠK GORAN, Bibinje"]

1. e4 e6 2. d4 d5 3. Nc3 Bb4 4. e5 c5 5. a3 Bxc3+ 6. bxc3 Qa5 7. Bd2 Qa4 8. Qg4
Kf8 9. h4 Nc6 10. h5 h6 11. Qd1 Nge7 12. Qb1 c4 13. Ne2 Ke8 14. g4 Kd7 15. Bh3
Kc7 16. Be3 Bd7 17. Kd2 Raf8 18. f4 f5 19. Ng3 fxg4 20. Bxg4 Rf7 21. Qf1 Rhf8
22. Qh3 Nd8 23. Rhb1 Qa5 24. a4 Nc8 25. Ne2 Ne7 26. Kd1 Nf5 27. Bc1 Rg8 28. Ba3
Kc8 29. Kd2 Nc6 30. Bxf5 Rxf5 31. Rg1 Rf7 32. Rg6 Qxa4 33. Qh1 Qa5 34. Bc5 Qc7
35. Rf1 b6 36. Bd6 Qd8 37. f5 Qe8 38. Qg2 Rh8 39. Rxg7 exf5 40. Rg6 Nd8 41.
Qxd5 Bc6 42. Qxc4 Kb7 43. e6 Rfh7 44. Rfg1 Ka8 45. d5 Bb7 46. Nf4 1-0

[Event "1.b HSL 19 "]
[Site "Mali Losinj"]
[Date "2019.10.03"]
[Round "6.33"]
[White "Plenkovic, Zdenko"]
[Black "Bilobrk, Franjo"]
[Result "1/2-1/2"]
[WhiteElo "2368"]
[BlackElo "2334"]
[PlyCount "114"]
[EventDate "2019.09.28"]
[EventCountry "CRO"]
[WhiteTeam "ŠK BRDA, Split"]
[BlackTeam "ŠK GORAN, Bibinje"]

1. b3 d5 2. Bb2 Bg4 3. d4 Nf6 4. Nf3 e6 5. e3 Bb4+ 6. c3 Bd6 7. Nbd2 Nbd7 8. h3
Bh5 9. g4 Bg6 10. Nh4 Be4 11. Nxe4 Nxe4 12. Nf3 O-O 13. Qe2 f5 14. O-O-O Qe7
15. Kb1 fxg4 16. hxg4 h6 17. Bg2 Rf7 18. g5 Nxg5 19. Nxg5 Qxg5 20. f4 Qg6+ 21.
Ka1 Nf6 22. Rdg1 Qh7 23. Bf3 c6 24. Rg2 Kf8 25. Rhg1 Ke7 26. Rg6 Kd7 27. Qg2
Rg8 28. Bd1 Qh8 29. Qh3 Re8 30. c4 Kc8 31. Bc2 Kb8 32. R6g2 Ree7 33. Bg6 Rf8
34. c5 Bc7 35. Bc3 Qg8 36. b4 b5 37. cxb6 axb6 38. b5 Bd6 39. Rb2 Rc8 40. Qf1
Rb7 41. Qd3 Qd8 42. Rgb1 c5 43. dxc5 Rxc5 44. Bd4 Rc4 45. Rc2 Rxc2 46. Qxc2 Qe7
47. Qc6 Nd7 48. Be8 Rc7 49. Bxd7 Rxc6 50. bxc6 Bc5 51. Rxb6+ Bxb6 52. Bxb6 Ka8
53. Bd4 g6 54. Bc8 Qa3 55. Bb7+ Kb8 56. Be5+ Ka7 57. Bd4+ Kb8 1/2-1/2

[Event "1.b HSL 19 "]
[Site "Mali Losinj"]
[Date "2019.10.03"]
[Round "6.41"]
[White "Djukic, Nikola"]
[Black "Ruck, Robert"]
[Result "1/2-1/2"]
[WhiteElo "2518"]
[BlackElo "2530"]
[PlyCount "109"]
[EventDate "2019.09.28"]
[EventCountry "CRO"]
[WhiteTeam "ŠK DUBROVNIK, Dubrovnik"]
[BlackTeam "ŠK ĐURO ĐAKOVIĆ, Slavonski Brod"]

1. e4 c5 2. Nf3 d6 3. d4 cxd4 4. Nxd4 Nf6 5. Nc3 a6 6. Bc4 e6 7. Bb3 Nbd7 8.
Bg5 Qa5 9. Bxf6 Nxf6 10. O-O Be7 11. f4 Qc5 12. Kh1 Bd7 13. f5 e5 14. Nf3 Rc8
15. Qe1 b5 16. Qg3 O-O 17. Ne1 Bc6 18. Nd3 Qd4 19. Nf2 b4 20. Rad1 Qb6 21. Nd5
Bxd5 22. exd5 Qb5 23. Qd3 Qxd3 24. cxd3 Rc5 25. Rfe1 Bd8 26. Ne4 Nxe4 27. Rxe4
a5 28. g3 Bg5 29. Bc4 Rfc8 30. Kg2 Kf8 31. h4 Bf6 32. Kh3 h5 33. b3 Kg8 34. Rf1
Kh7 35. Rf2 R8c7 36. Rf1 Rc8 37. Ra1 Rb8 38. a3 bxa3 39. Rxa3 Kh6 40. Re2 Kh7
41. Rea2 Bd8 42. Ra1 Rb7 43. Ra4 Rb8 44. g4 hxg4+ 45. Kxg4 Kg8 46. h5 Kf8 47.
Rh1 Bf6 48. Rh2 Kg8 49. Rha2 Bd8 50. f6 Bxf6 51. Rxa5 Rxa5 52. Rxa5 Bd8 53. Ra6
Rb6 54. b4 Kf8 55. Kf5 1/2-1/2

[Event "1.b HSL 19 "]
[Site "Mali Losinj"]
[Date "2019.10.03"]
[Round "6.42"]
[White "Horvath, Adam"]
[Black "Bogut, Zeljko"]
[Result "1-0"]
[WhiteElo "2495"]
[BlackElo "2386"]
[PlyCount "65"]
[EventDate "2019.09.28"]
[EventCountry "CRO"]
[WhiteTeam "ŠK ĐURO ĐAKOVIĆ, Slavonski Brod"]
[BlackTeam "ŠK DUBROVNIK, Dubrovnik"]

1. e4 c5 2. Nf3 a6 3. g3 b5 4. Bg2 Bb7 5. Qe2 e6 6. O-O Nf6 7. d3 Be7 8. e5 Nd5
9. c4 Nc7 10. Nc3 O-O 11. Ne4 Ne8 12. h4 f5 13. exf6 Nxf6 14. Nfg5 Nc6 15. Be3
h6 16. Nxf6+ Bxf6 17. Ne4 Nd4 18. Qh5 Bxe4 19. Bxe4 Rb8 20. Rab1 bxc4 21. dxc4
d6 22. Qg6 d5 23. cxd5 exd5 24. Qh7+ Kf7 25. Bg6+ Ke7 26. Bh5 Kd7 27. b4 Qe7
28. bxc5 Kc6 29. Qd3 Nb5 30. a4 Nc7 31. Rb6+ Rxb6 32. cxb6 Ne6 33. Qxa6 1-0

[Event "1.b HSL 19 "]
[Site "Mali Losinj"]
[Date "2019.10.03"]
[Round "6.43"]
[White "Galic, Ivan"]
[Black "Dabo-Peranic, Robert"]
[Result "1-0"]
[WhiteElo "2414"]
[BlackElo "2322"]
[PlyCount "67"]
[EventDate "2019.09.28"]
[EventCountry "CRO"]
[WhiteTeam "ŠK DUBROVNIK, Dubrovnik"]
[BlackTeam "ŠK ĐURO ĐAKOVIĆ, Slavonski Brod"]

1. c4 e6 2. Nf3 d5 3. g3 c5 4. cxd5 exd5 5. d4 Nc6 6. Bg2 Nf6 7. O-O Be7 8. Nc3
O-O 9. dxc5 Bxc5 10. a3 Ne4 11. Nxd5 Be6 12. Nc3 Nxc3 13. bxc3 Re8 14. e3 Qa5
15. Nd4 Bc4 16. Nxc6 bxc6 17. Bxc6 Bxf1 18. Bxe8 Bc4 19. Bc6 Rc8 20. Bg2 Rd8
21. Bd2 Qb5 22. Qc1 Qd7 23. Be1 Qd3 24. Qb2 g6 25. h4 Kg7 26. Kh2 f5 27. a4 h6
28. Bf3 h5 29. Rb1 Qf1 30. Qb7+ Kh6 31. a5 Rd2 32. Bxd2 Qxf2+ 33. Bg2 Qxd2 34.
Qc8 1-0

[Event "1.b HSL 19 "]
[Site "Mali Losinj"]
[Date "2019.10.03"]
[Round "6.44"]
[White "Rubil, Marko"]
[Black "Bender, Ivan"]
[Result "1-0"]
[WhiteElo "2269"]
[BlackElo "2212"]
[PlyCount "89"]
[EventDate "2019.09.28"]
[EventCountry "CRO"]
[WhiteTeam "ŠK ĐURO ĐAKOVIĆ, Slavonski Brod"]
[BlackTeam "ŠK DUBROVNIK, Dubrovnik"]

1. e4 e5 2. Nf3 Nc6 3. Bb5 a6 4. Ba4 Nf6 5. O-O Be7 6. Re1 b5 7. Bb3 d6 8. c3
O-O 9. h3 Nb8 10. d3 Nbd7 11. Nbd2 Bb7 12. Nf1 Nc5 13. Bc2 Re8 14. N3h2 Bf8 15.
Qf3 Ne6 16. Be3 d5 17. Ng3 d4 18. cxd4 Nxd4 19. Bxd4 Qxd4 20. Nf5 Qb6 21. Bb3
g6 22. Ne3 Re7 23. Nhg4 Nxg4 24. hxg4 c6 25. g5 h6 26. Qf6 Qc7 27. Qxg6+ Kh8
28. Qh5 Bc8 29. Rac1 Be6 30. Nd5 Bxd5 31. Bxd5 Rc8 32. Rxc6 Qxc6 33. Bxc6 Rxc6
34. gxh6 Bxh6 35. g3 Kg7 36. Qg4+ Kf8 37. Kg2 Ree6 38. Qd1 Red6 39. Qb3 Kg8 40.
Re2 Rc7 41. Rc2 Rcd7 42. Rc8+ Kh7 43. Qd1 Rg6 44. Qh5 Rg5 45. Rh8+ 1-0

[Event "1.b HSL 19 "]
[Site "Mali Losinj"]
[Date "2019.10.03"]
[Round "6.45"]
[White "Levacic, Patrick"]
[Black "Martic, Zlatko"]
[Result "1/2-1/2"]
[WhiteElo "2245"]
[BlackElo "2283"]
[PlyCount "58"]
[EventDate "2019.09.28"]
[EventCountry "CRO"]
[WhiteTeam "ŠK DUBROVNIK, Dubrovnik"]
[BlackTeam "ŠK ĐURO ĐAKOVIĆ, Slavonski Brod"]

1. e4 c5 2. Nf3 e6 3. Nc3 a6 4. g3 Nc6 5. Bg2 Nf6 6. O-O d6 7. d3 Be7 8. Bd2
O-O 9. h3 d5 10. Nh2 dxe4 11. dxe4 Bd7 12. f4 Be8 13. e5 Nd5 14. Nxd5 exd5 15.
Ng4 d4 16. f5 f6 17. e6 Qb6 18. Nf2 c4 19. b3 cxb3 20. axb3 Ne5 21. Kh2 Bc6 22.
Ne4 Rac8 23. Rf4 Bb4 24. Bxb4 Qxb4 25. Nf2 Bxg2 26. Kxg2 Qc5 27. Ra2 Rfd8 28.
h4 Qd5+ 29. Kh3 Rc7 1/2-1/2

[Event "1.b HSL 19 "]
[Site "Mali Losinj"]
[Date "2019.10.03"]
[Round "6.46"]
[White "Matanovic, Luka"]
[Black "Brnas, Augustin"]
[Result "1/2-1/2"]
[WhiteElo "2245"]
[BlackElo "2200"]
[PlyCount "69"]
[EventDate "2019.09.28"]
[EventCountry "CRO"]
[WhiteTeam "ŠK ĐURO ĐAKOVIĆ, Slavonski Brod"]
[BlackTeam "ŠK DUBROVNIK, Dubrovnik"]

1. e4 e5 2. Nf3 Nc6 3. Bb5 a6 4. Ba4 Nf6 5. O-O Be7 6. Re1 b5 7. Bb3 d6 8. c3
O-O 9. h3 Na5 10. Bc2 c5 11. d4 Qc7 12. d5 c4 13. b4 cxb3 14. axb3 Bd7 15. Ba3
Bd8 16. Nbd2 Re8 17. Ra2 Qb8 18. Qe2 Nh5 19. Rea1 Nf4 20. Qe1 Nb7 21. c4 Bb6
22. cxb5 axb5 23. Bxd6 Qxd6 24. Rxa8 Qg6 25. Rxe8+ Bxe8 26. Nh4 Qg3 27. Ra8 Kf8
28. Kf1 Qxh4 29. Nf3 Qe7 30. Qc3 f6 31. Qc6 Bd8 32. Qc8 Bb6 33. Qc6 Bd8 34. Qc8
Bb6 35. Qc6 1/2-1/2

[Event "1.b HSL 19 "]
[Site "Mali Losinj"]
[Date "2019.10.03"]
[Round "6.51"]
[White "Lenic, Luka"]
[Black "Brkic, Ante"]
[Result "1-0"]
[WhiteElo "2644"]
[BlackElo "2600"]
[PlyCount "133"]
[EventDate "2019.09.28"]
[EventCountry "CRO"]
[WhiteTeam "ŠK SESVETE-AGROPROTEINKA, Sesvete"]
[BlackTeam "ŠK VINKOVCI, Vinkovci"]

1. d4 Nf6 2. c4 e6 3. Nf3 d5 4. Nc3 Bb4 5. cxd5 exd5 6. Bg5 h6 7. Bh4 O-O 8. e3
Bf5 9. Be2 Nbd7 10. Qb3 Bxc3+ 11. Qxc3 Ne4 12. Qb3 Ndf6 13. O-O Rb8 14. Qa3 a6
15. Ne5 Qd6 16. Qxd6 cxd6 17. Bxf6 Nxf6 18. Nd3 Rbc8 19. Rfc1 Rfe8 20. Ne1 g5
21. Rxc8 Rxc8 22. f3 Nd7 23. Kf2 Bg6 24. Bd1 f5 25. Ke2 Nf6 26. Kd2 Bf7 27. a4
Kf8 28. Nd3 Ke7 29. Ra3 Rc7 30. Nc1 Kd8 31. Ne2 Be6 32. Bc2 Nh5 33. Ra1 Rf7 34.
h4 Ke7 35. hxg5 hxg5 36. Rh1 Ng7 37. Rh6 Ne8 38. a5 Bd7 39. Rg6 g4 40. Nf4 Nc7
41. Bb3 gxf3 42. Nxd5+ Nxd5 43. Bxd5 Rh7 44. Bxf3 Bc6 45. Ke2 Rh1 46. d5 Bd7
47. Rg7+ Kd8 48. Rg8+ Kc7 49. e4 Rb1 50. exf5 Rxb2+ 51. Ke3 Bxf5 52. g4 Bb1 53.
g5 Rb3+ 54. Kf4 Rb4+ 55. Kg3 Rb3 56. Kg4 Rb4+ 57. Kg3 Rb3 58. Rf8 b6 59. axb6+
Rxb6 60. Rf7+ Kd8 61. Bg4 Ke8 62. Bh5 Kd8 63. g6 Rb3+ 64. Kf4 Rb4+ 65. Kg5 Bxg6
66. Kxg6 a5 67. Kf5 1-0

[Event "1.b HSL 19 "]
[Site "Mali Losinj"]
[Date "2019.10.03"]
[Round "6.53"]
[White "Jovanovic, Zoran"]
[Black "Stojanovski, Dejan"]
[Result "1/2-1/2"]
[WhiteElo "2507"]
[BlackElo "2428"]
[PlyCount "30"]
[EventDate "2019.09.28"]
[EventCountry "CRO"]
[WhiteTeam "ŠK SESVETE-AGROPROTEINKA, Sesvete"]
[BlackTeam "ŠK VINKOVCI, Vinkovci"]

1. e4 c5 2. Nf3 Nc6 3. Bb5 g6 4. O-O Bg7 5. Nc3 e5 6. a3 Nge7 7. b4 b6 8. bxc5
bxc5 9. d3 O-O 10. Bc4 h6 11. Rb1 d6 12. Nd5 Be6 13. Bd2 Rb8 14. Rxb8 Nxb8 15.
Qb1 Nxd5 1/2-1/2

[Event "1.b HSL 19 "]
[Site "Mali Losinj"]
[Date "2019.10.03"]
[Round "6.55"]
[White "Ivekovic, Zvonimir"]
[Black "Pucovski, Miroslav"]
[Result "1/2-1/2"]
[WhiteElo "2405"]
[BlackElo "2238"]
[PlyCount "87"]
[EventDate "2019.09.28"]
[EventCountry "CRO"]
[WhiteTeam "ŠK SESVETE-AGROPROTEINKA, Sesvete"]
[BlackTeam "ŠK VINKOVCI, Vinkovci"]

1. e4 c5 2. Nf3 Nc6 3. d4 cxd4 4. Nxd4 e5 5. Nb5 d6 6. N1c3 a6 7. Na3 b5 8. Nd5
Nge7 9. c4 Nxd5 10. exd5 Nd4 11. cxb5 Be7 12. Bc4 O-O 13. bxa6 Bxa6 14. O-O Qb6
15. b3 Rfb8 16. Be3 Qc5 17. Bxd4 exd4 18. Bxa6 Rxa6 19. Nc4 Qxd5 20. Qd3 Ra7
21. Ne3 Qe5 22. Nf5 Bf6 23. Rfe1 Rxa2 24. Rac1 Qf4 25. f3 g6 26. Ng3 Bh4 27.
Rc2 Rxc2 28. Qxc2 Bxg3 29. hxg3 Qxg3 30. Re4 d5 31. Re2 Ra8 32. Qd1 Qf4 33. Rd2
Ra1 34. Qxa1 Qxd2 35. Qa8+ Kg7 36. Qxd5 Qe3+ 37. Kh2 d3 38. b4 Qf4+ 39. Kg1 d2
40. b5 Qe3+ 41. Kh2 Qe1 42. Qd4+ Kh6 43. Qf4+ Kg7 44. Qd4+ 1/2-1/2

[Event "1.b HSL 19 "]
[Site "Mali Losinj"]
[Date "2019.10.03"]
[Round "6.56"]
[White "Bubalovic, Davorin"]
[Black "Antunac, Goran"]
[Result "1-0"]
[WhiteElo "2212"]
[BlackElo "2379"]
[PlyCount "63"]
[EventDate "2019.09.28"]
[EventCountry "CRO"]
[WhiteTeam "ŠK VINKOVCI, Vinkovci"]
[BlackTeam "ŠK SESVETE-AGROPROTEINKA, Sesvete"]

1. e4 c5 2. Nf3 e6 3. d4 cxd4 4. Nxd4 a6 5. Nc3 Qc7 6. Bd3 b5 7. O-O Bb7 8. Qe2
d6 9. Bd2 Nf6 10. a4 bxa4 11. Rxa4 Be7 12. Rfa1 O-O 13. Nb3 Nfd7 14. Na5 Nb6
15. R4a2 Bc8 16. Nb3 Bf6 17. Qf3 Nc6 18. Bxa6 Bxa6 19. Rxa6 Rxa6 20. Rxa6 Nc4
21. Qe2 Nb8 22. Ra2 Nxb2 23. Rxb2 Bxc3 24. Ra2 Bxd2 25. Qxd2 Nc6 26. Qc3 Qb7
27. Ra4 Ne5 28. Rb4 Qa6 29. Nd4 h6 30. h3 Rc8 31. Qb3 Kh7 32. Ra4 1-0

[Event "1.b HSL 19 "]
[Site "Mali Losinj"]
[Date "2019.10.04"]
[Round "7.35"]
[White "Sinanovic, Muhamed"]
[Black "Levacic, Patrick"]
[Result "1/2-1/2"]
[WhiteElo "2312"]
[BlackElo "2245"]
[PlyCount "122"]
[EventDate "2019.09.28"]
[EventCountry "CRO"]
[WhiteTeam "ŠK GORAN, Bibinje"]
[BlackTeam "ŠK DUBROVNIK, Dubrovnik"]

1. g3 e5 2. c4 Nc6 3. Bg2 g6 4. Nc3 Bg7 5. e3 d6 6. Nge2 Be6 7. d3 Qd7 8. O-O
Nge7 9. Nd5 O-O 10. Bd2 f5 11. f4 Nd8 12. Bc3 c6 13. Nxe7+ Qxe7 14. b3 Nf7 15.
Qd2 Rfe8 16. Rae1 Rad8 17. e4 fxe4 18. dxe4 Qd7 19. Rd1 Bh3 20. f5 Bxg2 21.
Kxg2 gxf5 22. Rxf5 Qe6 23. Qd3 Re7 24. Bb4 Red7 25. Nc3 b6 26. a4 Qg6 27. Ba3
Ng5 28. b4 Ne6 29. Bc1 Nd4 30. Rg5 Qe6 31. b5 cxb5 32. axb5 h6 33. Rf5 Nxf5 34.
exf5 Qe8 35. Qe4 Qh5 36. Rf1 Rf8 37. Rf3 Bf6 38. g4 Rg7 39. h3 Qh4 40. Be3 h5
41. Rg3 hxg4 42. Rxg4 Qe1 43. Qd3 Rff7 44. Bf2 Qc1 45. Ne4 Qf4 46. Qf3 Qxf3+
47. Kxf3 Be7 48. Ng3 Kf8 49. Ke4 Rh7 50. Kd5 Rxh3 51. Rg6 Bh4 52. Kxd6 Bxg3 53.
Bxg3 Rxf5 54. Bxe5 Ke8 55. Re6+ Kd8 56. Bf6+ Kc8 57. Re8+ Kb7 58. Re7+ Kb8 59.
Re8+ Kb7 60. Re7+ Kb8 61. Re8+ Kb7 1/2-1/2

[Event "1.b HSL 19 "]
[Site "Mali Losinj"]
[Date "2019.10.04"]
[Round "7.51"]
[White "Sokolov, Ivan"]
[Black "Vavulin, Maxim"]
[Result "1-0"]
[WhiteElo "2584"]
[BlackElo "2550"]
[PlyCount "81"]
[EventDate "2019.09.28"]
[EventCountry "CRO"]
[WhiteTeam "ŠK STRIDON, Štrigova"]
[BlackTeam "ŠK PULA, Pula"]

1. d4 Nf6 2. c4 e6 3. Nf3 b6 4. g3 Ba6 5. b3 b5 6. cxb5 Bxb5 7. Nc3 Ba6 8. Bg2
d5 9. O-O Bd6 10. b4 O-O 11. Rb1 Nbd7 12. Qc2 Qe7 13. a3 Nb6 14. Re1 Bb7 15.
Bg5 h6 16. Bxf6 Qxf6 17. e4 dxe4 18. Nxe4 Qe7 19. Ne5 Bd5 20. Nc6 Qd7 21. Na5
Rfc8 22. Rbc1 Bf8 23. Red1 c6 24. Rd3 Qd8 25. Nd2 Qd7 26. Qd1 Bxg2 27. Kxg2 c5
28. bxc5 Bxc5 29. Qf3 Bf8 30. Nc6 Qd5 31. Qxd5 Nxd5 32. Nf1 Rc7 33. Ne3 Nb6 34.
Rdc3 Na4 35. R3c2 Nb6 36. Rc3 Na4 37. R3c2 Rd7 38. Nc4 a6 39. Rb1 Rc7 40. N4a5
Bxa3 41. Ra1 1-0

[Event "1.b HSL 19 "]
[Site "Mali Losinj"]
[Date "2019.10.04"]
[Round "7.52"]
[White "Tratar, Marko"]
[Black "Nemeth, Miklos"]
[Result "1/2-1/2"]
[WhiteElo "2461"]
[BlackElo "2488"]
[PlyCount "97"]
[EventDate "2019.09.28"]
[EventCountry "CRO"]
[WhiteTeam "ŠK PULA, Pula"]
[BlackTeam "ŠK STRIDON, Štrigova"]

1. Nf3 Nf6 2. g3 b6 3. Bg2 Bb7 4. O-O e6 5. c4 Be7 6. d4 O-O 7. Re1 a5 8. Bg5
h6 9. Bxf6 Bxf6 10. e4 d6 11. Nc3 Na6 12. Qd2 e5 13. Nd5 exd4 14. Nxd4 Bxd5 15.
cxd5 Bxd4 16. Qxd4 Qd7 17. Re3 b5 18. f4 f6 19. h4 Rae8 20. Ra3 Nc5 21. Kh2 b4
22. Re3 Re7 23. b3 g5 24. Rae1 g4 25. e5 fxe5 26. fxe5 Rg7 27. e6 Qe7 28. Kg1
h5 29. Rf1 Rxf1+ 30. Bxf1 Qf8 31. Qxg7+ Kxg7 32. e7 Qe8 33. Bb5 Qxb5 34. e8=Q
Qxe8 35. Rxe8 Kf6 36. Kf2 a4 37. bxa4 Nxa4 38. Re4 Nc5 39. Re3 Kf5 40. Re7 Ne4+
41. Kg2 Nc3 42. Rxc7 Nxa2 43. Ra7 Nc3 44. Rb7 Nxd5 45. Kf2 Ke4 46. Ke2 Nc3+ 47.
Kf2 Nd5 48. Ke2 Nc3+ 49. Kf2 1/2-1/2

[Event "1.b HSL 19 "]
[Site "Mali Losinj"]
[Date "2019.10.04"]
[Round "7.53"]
[White "Krstic, Uros"]
[Black "Fercec, Nenad"]
[Result "1/2-1/2"]
[WhiteElo "2354"]
[BlackElo "2439"]
[PlyCount "126"]
[EventDate "2019.09.28"]
[EventCountry "CRO"]
[WhiteTeam "ŠK STRIDON, Štrigova"]
[BlackTeam "ŠK PULA, Pula"]

1. e4 c5 2. Nf3 d6 3. c3 Nf6 4. Be2 Nbd7 5. d3 c4 6. d4 Nxe4 7. Bxc4 Nef6 8.
O-O d5 9. Bd3 g6 10. Re1 Bg7 11. Bf4 O-O 12. h3 b6 13. Nbd2 Bb7 14. Ne5 Nh5 15.
Bh2 Nxe5 16. Bxe5 Bxe5 17. Rxe5 Nf4 18. Bf1 f6 19. Re1 e5 20. g3 Nh5 21. dxe5
fxe5 22. Rxe5 d4 23. Ne4 Nf6 24. Nxf6+ Qxf6 25. Qxd4 Rad8 26. Bc4+ Kh8 27. Re6
Qxd4 28. cxd4 Rxd4 29. Be2 Bc8 30. Re7 Bxh3 31. Rc1 Rd7 32. Rxd7 Bxd7 33. Rc7
Be6 34. Rxa7 Bd5 35. b3 Rc8 36. f4 Rc2 37. Kf2 Be6 38. Ke3 Rc3+ 39. Kf2 Rc2 40.
Ke3 Rc3+ 41. Bd3 Bf5 42. Ra8+ Kg7 43. Rd8 b5 44. Kd2 b4 45. Rd4 h5 46. Bxf5
gxf5 47. Rd3 Rc7 48. Rd5 Kg6 49. Rd6+ Kg7 50. Rb6 Rc3 51. Rb7+ Kg6 52. Rb6+ Kg7
53. Rb5 Rxg3 54. Rb7+ Kg6 55. Rb6+ Kg7 56. Re6 h4 57. Ke1 h3 58. Kf2 Rg2+ 59.
Kf1 Rxa2 60. Kg1 Rg2+ 61. Kh1 Rg3 62. Rb6 Rf3 63. Kh2 Kf7 1/2-1/2

[Event "1.b HSL 19 "]
[Site "Mali Losinj"]
[Date "2019.10.04"]
[Round "7.54"]
[White "Zufic, Miroslav"]
[Black "Trbojevic, Mladen"]
[Result "1-0"]
[WhiteElo "2382"]
[BlackElo "2338"]
[PlyCount "57"]
[EventDate "2019.09.28"]
[EventCountry "CRO"]
[WhiteTeam "ŠK PULA, Pula"]
[BlackTeam "ŠK STRIDON, Štrigova"]

1. e4 e5 2. Nf3 Nc6 3. Bb5 a6 4. Ba4 Nf6 5. O-O Be7 6. Re1 b5 7. Bb3 O-O 8. h3
Bb7 9. d3 d6 10. c3 Re8 11. Nbd2 d5 12. exd5 Nxd5 13. Nxe5 Nxe5 14. Rxe5 Nf4
15. Rf5 Nxg2 16. Bxf7+ Kh8 17. Qh5 Qd6 18. Bxe8 Nh4 19. Ne4 Bxe4 20. dxe4 g6
21. Bxg6 Nxg6 22. Rf7 Nf8 23. Bf4 Qg6+ 24. Qxg6 Nxg6 25. Bxc7 Rc8 26. Rxe7 Nxe7
27. Be5+ Kg8 28. Rd1 Kf7 29. Rd6 1-0

[Event "1.b HSL 19 "]
[Site "Mali Losinj"]
[Date "2019.10.04"]
[Round "7.55"]
[White "Vernacki, Srdjan"]
[Black "Franic, Milan"]
[Result "1/2-1/2"]
[WhiteElo "2318"]
[BlackElo "2366"]
[PlyCount "102"]
[EventDate "2019.09.28"]
[EventCountry "CRO"]
[WhiteTeam "ŠK STRIDON, Štrigova"]
[BlackTeam "ŠK PULA, Pula"]

1. Nf3 Nf6 2. g3 b5 3. Bg2 Bb7 4. O-O e6 5. d3 Be7 6. e4 d6 7. Ng5 e5 8. f4
Nbd7 9. a4 a6 10. Qe2 O-O 11. Nc3 c6 12. Nf3 Re8 13. fxe5 dxe5 14. Nh4 Nf8 15.
Be3 Ne6 16. Nf5 Bc5 17. Bxc5 Nxc5 18. Qf2 Ne6 19. Nd1 Rf8 20. Nde3 Ne8 21. Bh3
Ng5 22. Bg2 g6 23. h4 Ne6 24. Nh6+ Kg7 25. Nhg4 f6 26. h5 Qd6 27. Qd2 Ng5 28.
Rf2 Bc8 29. Nh2 Be6 30. Nf3 Nxf3+ 31. Bxf3 Qd7 32. hxg6 hxg6 33. Rh2 Nd6 34.
axb5 axb5 35. Rxa8 Rxa8 36. Ng4 Bg8 37. Qh6+ Kf7 38. Qh8 Qd8 39. Nh6+ Ke7 40.
Qg7+ Bf7 41. Nxf7 Nxf7 42. Rh7 Qg8 43. Kg2 Qxg7 44. Rxg7 Ra2 45. Rxg6 Rxb2 46.
Bd1 b4 47. Kf3 Nd6 48. Rg7+ Kd8 49. Rg6 Ke7 50. Rg7+ Kd8 51. Rg6 Ke7 1/2-1/2

[Event "1.b HSL 19 "]
[Site "Mali Losinj"]
[Date "2019.10.04"]
[Round "7.56"]
[White "Ciganovic, Nikola"]
[Black "Tomasic, Roland"]
[Result "1-0"]
[WhiteElo "2219"]
[BlackElo "2102"]
[PlyCount "141"]
[EventDate "2019.09.28"]
[EventCountry "CRO"]
[WhiteTeam "ŠK PULA, Pula"]
[BlackTeam "ŠK STRIDON, Štrigova"]

1. e4 c5 2. Nf3 Nc6 3. d4 cxd4 4. Nxd4 e5 5. Nb5 d6 6. N1c3 a6 7. Na3 Be7 8.
Nd5 Nf6 9. Nxf6+ Bxf6 10. Nc4 Be7 11. Be3 Be6 12. Bb6 Qd7 13. Qd2 d5 14. exd5
Qxd5 15. Qxd5 Bxd5 16. Rd1 Be6 17. Nd6+ Bxd6 18. Rxd6 Rc8 19. Bd3 O-O 20. Be4
Nb4 21. c3 Nc6 22. b3 Rfe8 23. Ke2 g6 24. Rhd1 Kg7 25. c4 h5 26. h4 Re7 27. Ke3
f5 28. Bd5 f4+ 29. Ke2 Bf5 30. f3 Nb4 31. Be4 Bxe4 32. fxe4 Nxa2 33. Ba5 Rc5
34. Be1 a5 35. Rb6 a4 36. Ra1 axb3 37. Rxb3 Rxc4 38. Rxa2 Rxe4+ 39. Kf2 Kf6 40.
Ba5 Rd7 41. Rb6+ Kf5 42. Rc2 g5 43. hxg5 Kxg5 44. Rc8 Ra4 45. Bc3 Ra2+ 46. Kf3
Rd3+ 47. Ke4 Re3+ 48. Kd5 h4 49. Rg8+ Kf5 50. Rf8+ Kg5 51. Bb4 Rd3+ 52. Ke6 Ra6
53. Rg8+ Kh6 54. Bf8+ Kh7 55. Rg7+ Kh8 56. Rgxb7 Rxb6+ 57. Rxb6 Kg8 58. Be7 Rg3
59. Rb8+ Kh7 60. Bf6 Kh6 61. Kf5 Rg7 62. Bxg7+ Kxg7 63. Kxe5 h3 64. gxh3 f3 65.
Rb3 Kg6 66. Rxf3 Kg5 67. h4+ Kg4 68. Ke4 Kh5 69. Kf5 Kh6 70. h5 Kh7 71. Kg5 1-0

[Event "1.b HSL 19 "]
[Site "Mali Losinj"]
[Date "2019.10.05"]
[Round "8.35"]
[White "Levacic, Patrick"]
[Black "Mihalincic, Tomislav"]
[Result "1/2-1/2"]
[WhiteElo "2245"]
[BlackElo "2241"]
[PlyCount "23"]
[EventDate "2019.09.28"]
[EventCountry "CRO"]
[WhiteTeam "ŠK DUBROVNIK, Dubrovnik"]
[BlackTeam "ŠK BJELOVAR, Bjelovar"]

1. Nf3 Nf6 2. g3 g6 3. Bg2 Bg7 4. O-O O-O 5. d3 d6 6. e4 e5 7. Nbd2 Nc6 8. c3
d5 9. Qe2 Re8 10. Rd1 h6 11. b3 a5 12. a3 1/2-1/2

[Event "1.b HSL 19 "]
[Site "Mali Losinj"]
[Date "2019.10.05"]
[Round "8.46"]
[White "Zelic, Mladen"]
[Black "Bozinovic, Bogdan"]
[Result "1/2-1/2"]
[WhiteElo "2209"]
[BlackElo "2217"]
[PlyCount "138"]
[EventDate "2019.09.28"]
[EventCountry "CRO"]
[WhiteTeam "ŠK GORAN, Bibinje"]
[BlackTeam "ŠK SESVETE-AGROPROTEINKA, Sesvete"]

1. e4 c5 2. d4 cxd4 3. c3 dxc3 4. Nxc3 Nc6 5. Nf3 d6 6. Bc4 a6 7. O-O Nf6 8.
Bf4 Bg4 9. h3 Bxf3 10. Qxf3 e6 11. Rfd1 Nd7 12. Qg3 Nce5 13. Bb3 h5 14. Rac1
Rc8 15. Qe3 Be7 16. Bh2 g5 17. Kh1 b5 18. f4 gxf4 19. Bxf4 Qb6 20. Nd5 Qb8 21.
Rxc8+ Qxc8 22. Rc1 Nc4 23. Nxe7 Kxe7 24. Qg3 Qg8 25. Qh4+ f6 26. Bxc4 bxc4 27.
Rxc4 e5 28. Rc6 Qa8 29. Rc4 exf4 30. Qxf4 Qb7 31. b3 Ne5 32. Rd4 Qb6 33. Rd1
Nf7 34. Rf1 Qd4 35. Rc1 Qb6 36. Rf1 Rh6 37. Rc1 Qb7 38. Qf5 Ne5 39. Qf4 Rh8 40.
Rf1 Rf8 41. Qf5 Qc6 42. Qf4 Qc2 43. Qf5 Rf7 44. Rf2 Qc3 45. Rf1 h4 46. Qf2 Qd3
47. Qf5 Qc2 48. Rf2 Qc3 49. Rf1 Qd2 50. Rf2 Qc1+ 51. Rf1 Qg5 52. Qf2 Rg7 53.
Rd1 Qg3 54. Qc2 Kf8 55. Rf1 Qd3 56. Rxf6+ Ke7 57. Qf2 Qxe4 58. Rf4 Qd5 59.
Qxh4+ Kd7 60. Rf2 Rf7 61. Qa4+ Qc6 62. Rxf7+ Nxf7 63. Qg4+ Kc7 64. Qg7 Qc1+ 65.
Kh2 Qf4+ 66. Kh1 Kc6 67. Qf8 Kd7 68. Qa8 Qf1+ 69. Kh2 Qf4+ 1/2-1/2

[Event "1.b HSL 19 "]
[Site "Mali Losinj"]
[Date "2019.10.05"]
[Round "8.56"]
[White "Matanovic, Luka"]
[Black "Bubalovic, Davorin"]
[Result "1-0"]
[WhiteElo "2245"]
[BlackElo "2212"]
[PlyCount "43"]
[EventDate "2019.09.28"]
[EventCountry "CRO"]
[WhiteTeam "ŠK ĐURO ĐAKOVIĆ, Slavonski Brod"]
[BlackTeam "ŠK VINKOVCI, Vinkovci"]

1. e4 e5 2. Nf3 Nc6 3. Bb5 a6 4. Ba4 Nf6 5. O-O b5 6. Bb3 Bb7 7. Re1 Bc5 8. c3
d6 9. d4 Bb6 10. a4 h6 11. a5 Ba7 12. h3 O-O 13. Be3 exd4 14. cxd4 Ne7 15. Nbd2
d5 16. e5 Ne4 17. Nh4 Rc8 18. Qg4 Kh8 19. Qh5 Nxd2 20. Bxd2 Ng8 21. Bc2 Bxd4
22. Ng6+ 1-0